000 00277nam a22001217a 4500
082 _a894.812
_bGIR/K
100 _aC.P.GIREESHKUMAR
245 _aKAUMAARAM
260 _aTHIRUVANANTHUPURAM
_bPREMIER COLLEGE
_c1998
300 _a64
650 _aBOOKI ON YOUTHS
_zKERALA
942 _cBK
999 _c983
_d983